header

The healthcare imperative (Record no. 141817)

MARC details
000 -LEADER
fixed length control field 02000nam a2200409 a 4500
245 14 - TITLE STATEMENT
Title The healthcare imperative
260 ## - PUBLICATION, DISTRIBUTION, ETC. (IMPRINT)
Place of publication Washington, D.C. :
Name of publisher National Academies Press,
Year of publication 2010.
300 ## - PHYSICAL DESCRIPTION
Number of Pages xxiv, 825 p. :
Other physical details ill. (some col.), col. map.
490 1# - SERIES STATEMENT
Series statement Learning health system series
505 0# - FORMATTED CONTENTS NOTE
Formatted contents note section 1. Excessive healthcare costs -- section 2. Strategies that work -- section 3. The policy agenda -- section 4. Getting to 10 percent.
650 #0 - SUBJECT ADDED ENTRY--TOPICAL TERM
Topical Term Health care reform
Topical Term Medical policy
Topical Term Medical care, Cost of
700 1# - ADDED ENTRY--PERSONAL NAME
Personal name Yong, Pierre L.
Personal name Saunders, Robert S.
Personal name Olsen, LeighAnne.
856 40 - ELECTRONIC LOCATION AND ACCESS
Uniform Resource Identifier http://site.ebrary.com/lib/rucke/Doc?id=10520728

No items available.

© 2026 Rongo University
Contact us: librarian | system librarian | Rongo university